[Event "DVM U20 2015"]
[Site "Osnabrück GER"]
[Date "2015.12.27"]
[Round "1"]
[White "Keller, Peter"]
[Black "Kramer, Julian"]
[Result "1/2-1/2"]
[Termination "normal"]
[Board "1.1"]
[WhiteTitle "FM"]
[BlackTitle "FM"]
[WhiteElo "2292"]
[BlackElo "2364"]
[WhiteTeam "Frankfurter TV 1860"]
[BlackTeam "Hamburger SK von 1830"]
[PlyCount "81"]
[WhiteFideId "1272105"]
[BlackFideId "12921742"]
[EventCountry "GER"]
[EventRounds "7"]
[EventType "team-swiss"]
[EventDate "2015.12.26"]

1. e4 c5 2. Nf3 d6 3. Bb5+ Bd7 4. Bxd7+ Nxd7 5. c4 Ngf6 6. Nc3 e6 7. O-O Be7 8.
d4 cxd4 9. Qxd4 a6 10. b3 Qc7 11. Rd1 O-O 12. Ba3 Nc5 13. e5 dxe5 14. Qxe5 Rfc8
15. Qxc7 Rxc7 16. Ne5 Kf8 17. g4 h6 18. h4 Ke8 19. Kg2 Ncd7 20. Bxe7 Kxe7 21.
Nxd7 Nxd7 22. Re1 Rc5 23. Rad1 Nf6 24. Nd5+ Nxd5 25. cxd5 Rd8 26. dxe6 Rxd1 27.
Rxd1 Kxe6 28. Rd4 Rc2 29. Rb4 b5 30. a4 Rc5 31. axb5 axb5 32. Kg3 h5 33. f3 Kd6
34. Kf4 Rd5 35. Re4 Rd3 36. b4 Rd5 37. Kg3 f5 38. gxf5 Rxf5 39. Re8 Rf6 40. Rb8
Kc6 41. Rc8+ 1/2-1/2

[Event "DVM U20 2015"]
[Site "Osnabrück GER"]
[Date "2015.12.27"]
[Round "1"]
[White "Uksini, Bardhyl"]
[Black "Diyap, Murat"]
[Result "1/2-1/2"]
[Termination "normal"]
[Board "1.2"]
[WhiteElo "2311"]
[BlackElo "2061"]
[WhiteTeam "Hamburger SK von 1830"]
[BlackTeam "Frankfurter TV 1860"]
[PlyCount "78"]
[WhiteFideId "1628313"]
[BlackFideId "1272104"]
[EventCountry "GER"]
[EventRounds "7"]
[EventType "team-swiss"]
[EventDate "2015.12.26"]

1. d4 d5 2. c4 c6 3. Nf3 Nf6 4. Nc3 dxc4 5. a4 Bf5 6. e3 e6 7. Bxc4 Bb4 8. O-O
Nbd7 9. Qe2 O-O 10. e4 Bg6 11. Bd3 Qe7 12. e5 Nd5 13. Bg5 Bxd3 14. Qxd3 f6 15.
exf6 N7xf6 16. Rfe1 Qf7 17. Bd2 Nh5 18. Nxd5 Bxd2 19. Qxd2 exd5 20. Ng5 Qf4 21.
Qxf4 Nxf4 22. Re7 h6 23. Nf3 Rf7 24. Rae1 Raf8 25. Rxf7 Rxf7 26. Re8+ Rf8 27.
Re3 Rf6 28. g3 Ne6 29. b4 Kf7 30. Kg2 Ke7 31. b5 Kd6 32. bxc6 bxc6 33. Rb3 Rf7
34. Rb8 Rc7 35. h4 c5 36. dxc5+ Nxc5 37. Nd4 Ke5 38. Nb5 Rd7 39. Re8+ Kf6
1/2-1/2

[Event "DVM U20 2015"]
[Site "Osnabrück GER"]
[Date "2015.12.27"]
[Round "1"]
[White "Medvedovski, Michael"]
[Black "Hinrichs, Lars"]
[Result "1/2-1/2"]
[Termination "normal"]
[Board "1.3"]
[WhiteElo "1966"]
[BlackElo "2251"]
[WhiteTeam "Frankfurter TV 1860"]
[BlackTeam "Hamburger SK von 1830"]
[PlyCount "136"]
[WhiteFideId "24600830"]
[BlackFideId "12921769"]
[EventCountry "GER"]
[EventRounds "7"]
[EventType "team-swiss"]
[EventDate "2015.12.26"]

1. e4 e6 2. Nf3 d5 3. Nc3 Nf6 4. e5 Nfd7 5. d4 c5 6. dxc5 Nc6 7. Bf4 Nxc5 8.
Bd3 Be7 9. O-O g5 10. Bg3 h5 11. h3 Qb6 12. a3 Bd7 13. b4 Nxd3 14. cxd3 Nd4 15.
Nxd4 Qxd4 16. Qd2 g4 17. Ne2 Qb6 18. Bf4 Rg8 19. hxg4 Rxg4 20. Qe3 Qxe3 21.
Bxe3 a5 22. f3 Rg8 23. Bc5 f6 24. exf6 Bxf6 25. Rae1 Kf7 26. Nf4 h4 27. d4 axb4
28. axb4 Ra4 29. Ra1 Rga8 30. Rxa4 Rxa4 31. Rb1 Bb5 32. Kf2 Ra2+ 33. Kg1 Rd2
34. Re1 Bd7 35. Ne2 Be7 36. Kf2 Bb5 37. Ke3 Rb2 38. Bxe7 Kxe7 39. Nf4 Rxb4 40.
Ng6+ Kf6 41. Nxh4 Rb2 42. f4 Bc4 43. g4 Rh2 44. Nf3 Ra2 45. Ne5 b5 46. Rh1 Kg7
47. g5 b4 48. g6 Rg2 49. Kf3 Rxg6 50. Nxg6 Kxg6 51. Rh8 b3 52. Rb8 Kf5 53. Rb6
Kf6 54. Kg4 Be2+ 55. Kg3 Bc4 56. Kf3 Kf5 57. Ke3 Kf6 58. Rb8 Kf5 59. Rf8+ Kg4
60. Rg8+ Kf5 61. Rg5+ Kf6 62. Kd2 Ke7 63. Re5 Kf6 64. Kc3 Kf7 65. f5 exf5 66.
Rxf5+ Ke6 67. Rh5 Kd6 68. Rh6+ Kc7 1/2-1/2

[Event "DVM U20 2015"]
[Site "Osnabrück GER"]
[Date "2015.12.27"]
[Round "1"]
[White "Grötzbach, Julian"]
[Black "Saida, Hazim"]
[Result "1-0"]
[Termination "normal"]
[Board "1.4"]
[WhiteElo "2225"]
[BlackElo "1817"]
[WhiteTeam "Hamburger SK von 1830"]
[BlackTeam "Frankfurter TV 1860"]
[PlyCount "49"]
[WhiteFideId "24600938"]
[BlackFideId "12993689"]
[EventCountry "GER"]
[EventRounds "7"]
[EventType "team-swiss"]
[EventDate "2015.12.26"]

1. Nf3 Nf6 2. c4 e6 3. g3 c5 4. Bg2 Nc6 5. O-O Be7 6. Nc3 d5 7. cxd5 exd5 8. d4
O-O 9. Bg5 cxd4 10. Nxd4 Qb6 11. Nb3 d4 12. Bxf6 Bxf6 13. Nd5 Qd8 14. Qd2 Be6
15. Nxf6+ Qxf6 16. Bxc6 bxc6 17. Qxd4 Qg6 18. Rfd1 Rfe8 19. Nc5 Bd5 20. Rd2 Qh6
21. Rad1 Rab8 22. b3 a5 23. e4 Rb4 24. Qd3 Bxe4 25. Nxe4 1-0

[Event "DVM U20 2015"]
[Site "Osnabrück GER"]
[Date "2015.12.27"]
[Round "1"]
[White "Pham, Phuong-Bao"]
[Black "Grötzbach, Daniel"]
[Result "0-1"]
[Termination "normal"]
[Board "1.5"]
[WhiteElo "1829"]
[BlackElo "2050"]
[WhiteTeam "Frankfurter TV 1860"]
[BlackTeam "Hamburger SK von 1830"]
[PlyCount "57"]
[WhiteFideId "12939196"]
[BlackFideId "24692166"]
[EventCountry "GER"]
[EventRounds "7"]
[EventType "team-swiss"]
[EventDate "2015.12.26"]

1. c4 c6 2. e4 d5 3. exd5 cxd5 4. d4 Nf6 5. Nc3 Nc6 6. Nf3 Bg4 7. cxd5 Nxd5 8.
Qb3 Bxf3 9. gxf3 Nb6 10. Be3 e6 11. O-O-O Be7 12. d5 Nxd5 13. Nxd5 exd5 14.
Rxd5 Qc8 15. Kb1 O-O 16. Bd3 Nb4 17. Rc1 Qh3 18. Rd4 Nxd3 19. Qxd3 Qxf3 20. Rc7
Bd8 21. Rcd7 Bb6 22. Rh4 Qh1+ 23. Kc2 Rac8+ 24. Kb3 g6 25. Bxb6 axb6 26. Rb4
Qxh2 27. Qe3 Rce8 28. Qxb6 Qh3+ 29. Kc2 0-1

[Event "DVM U20 2015"]
[Site "Osnabrück GER"]
[Date "2015.12.27"]
[Round "1"]
[White "Elbracht, Michael"]
[Black "Engel, Jan"]
[Result "1-0"]
[Termination "normal"]
[Board "1.6"]
[WhiteElo "2079"]
[BlackElo "1698"]
[WhiteTeam "Hamburger SK von 1830"]
[BlackTeam "Frankfurter TV 1860"]
[PlyCount "117"]
[WhiteFideId "12945595"]
[BlackFideId "12993557"]
[EventCountry "GER"]
[EventRounds "7"]
[EventType "team-swiss"]
[EventDate "2015.12.26"]

1. e4 c6 2. d4 d5 3. Nc3 dxe4 4. Nxe4 Bf5 5. Ng3 Bg6 6. h4 h6 7. h5 Bh7 8. Nf3
Nd7 9. Bd3 Bxd3 10. Qxd3 e6 11. Bf4 Qa5+ 12. c3 Ngf6 13. Bd2 Rd8 14. c4 Bb4 15.
Bxb4 Qxb4+ 16. Qc3 Qxc3+ 17. bxc3 Nb6 18. Rb1 Rb8 19. Ne5 Nfd7 20. Nxd7 Kxd7
21. c5 Nc4 22. Rb4 Na3 23. Kd2 Nb5 24. Rhb1 Kc7 25. a4 a5 26. R4b3 Na7 27. Ne4
Nc8 28. Nd6 Nxd6 29. cxd6+ Kxd6 30. Rxb7 Rxb7 31. Rxb7 g6 32. Ra7 gxh5 33. Rxa5
f5 34. Ra7 Rg8 35. g3 f4 36. gxf4 h4 37. Ra5 Rf8 38. Ke3 h3 39. Rh5 Ra8 40.
Rxh3 Rxa4 41. Rxh6 Kd5 42. Rh5+ Kd6 43. f5 exf5 44. Rxf5 Ra3 45. Rc5 Ra1 46.
Kf4 Re1 47. Kf5 Re8 48. f4 Rf8+ 49. Ke4 Re8+ 50. Re5 Rh8 51. c4 Ra8 52. c5+ Kd7
53. f5 Rh8 54. Re6 Rh1 55. Ke5 Rf1 56. Kf6 Rf4 57. Rd6+ Kc7 58. Kg6 Rg4+ 59.
Kf7 1-0

[Event "DVM U20 2015"]
[Site "Osnabrück GER"]
[Date "2015.12.27"]
[Round "1"]
[White "Pauly, Carlo"]
[Black "Friedrich, Wiede"]
[Result "0-1"]
[Termination "normal"]
[Board "2.1"]
[WhiteElo "2266"]
[BlackElo "2222"]
[WhiteTeam "SG Porz"]
[BlackTeam "USV Potsdam"]
[PlyCount "94"]
[WhiteFideId "24673269"]
[BlackFideId "24629537"]
[EventCountry "GER"]
[EventRounds "7"]
[EventType "team-swiss"]
[EventDate "2015.12.26"]

1. d4 Nf6 2. c4 g6 3. Nc3 d5 4. cxd5 Nxd5 5. Bd2 Bg7 6. e4 Nb6 7. Be3 Nc6 8. d5
Ne5 9. f4 Ng4 10. Bc5 Bxc3+ 11. bxc3 f5 12. Qd4 O-O 13. h3 Nf6 14. exf5 Bxf5
15. c4 Ne4 16. Nf3 Nxc5 17. Qxc5 e6 18. Kf2 exd5 19. cxd5 Be4 20. Rd1 Rxf4 21.
Be2 Qd6 22. Qxd6 cxd6 23. Rd4 Raf8 24. Rhd1 Nd7 25. Ke3 Bxf3 26. Bxf3 Rxd4 27.
Rxd4 Nc5 28. h4 Kg7 29. Kd2 b5 30. Ke3 Re8+ 31. Kd2 Rf8 32. Ke3 Re8+ 33. Kd2
Re7 34. Rf4 Rf7 35. Rb4 a6 36. Ke3 Re7+ 37. Kd2 Rc7 38. Rf4 Nd7 39. a4 Ne5 40.
Be2 Rc5 41. Rd4 Nc4+ 42. Ke1 Ne3 43. Kf2 Nf5 44. Rb4 Rxd5 45. axb5 axb5 46. g3
Rd2 47. Ke1 Rd4 0-1

[Event "DVM U20 2015"]
[Site "Osnabrück GER"]
[Date "2015.12.27"]
[Round "1"]
[White "Eichstaedt, Mirko"]
[Black "Xu, Xianliang"]
[Result "1/2-1/2"]
[Termination "normal"]
[Board "2.2"]
[BlackTitle "FM"]
[WhiteElo "2197"]
[BlackElo "2286"]
[WhiteTeam "USV Potsdam"]
[BlackTeam "SG Porz"]
[PlyCount "54"]
[WhiteFideId "24692310"]
[BlackFideId "4603230"]
[EventCountry "GER"]
[EventRounds "7"]
[EventType "team-swiss"]
[EventDate "2015.12.26"]

1. d4 Nf6 2. Nf3 c5 3. d5 b5 4. Bg5 Ne4 5. Bh4 Bb7 6. Qd3 Qa5+ 7. c3 f5 8. Nbd2
c4 9. Qd4 Nxd2 10. Nxd2 Qb6 11. Nf3 Qxd4 12. Nxd4 a6 13. O-O-O g6 14. e3 Kf7
15. Rg1 Bg7 16. g4 Bxd5 17. gxf5 Be4 18. Bg2 Bxg2 19. Rxg2 Bxd4 20. exd4 Nc6
21. Re1 d5 22. Re6 Rac8 23. f3 gxf5 24. Rge2 Rc7 25. Bg3 Rcc8 26. Bh4 Rc7 27.
Bg3 Rcc8 1/2-1/2

[Event "DVM U20 2015"]
[Site "Osnabrück GER"]
[Date "2015.12.27"]
[Round "1"]
[White "Sabirov, Ramil"]
[Black "Cech, Tim"]
[Result "1/2-1/2"]
[Termination "normal"]
[Board "2.3"]
[WhiteElo "1977"]
[BlackElo "1879"]
[WhiteTeam "SG Porz"]
[BlackTeam "USV Potsdam"]
[PlyCount "71"]
[WhiteFideId "12900303"]
[BlackFideId "1270258"]
[EventCountry "GER"]
[EventRounds "7"]
[EventType "team-swiss"]
[EventDate "2015.12.26"]

1. b3 Nf6 2. Bb2 d5 3. Nf3 c5 4. e3 Nc6 5. Bb5 Bd7 6. O-O e6 7. Bxc6 Bxc6 8.
Ne5 Rc8 9. d3 Be7 10. Nd2 O-O 11. f4 b5 12. a4 a6 13. axb5 axb5 14. Nxc6 Rxc6
15. Qe2 Qb6 16. Rfb1 Qb7 17. Nf3 Nd7 18. e4 Bf6 19. Ne5 Bxe5 20. fxe5 d4 21. c3
dxc3 22. Bxc3 Qc7 23. Qh5 c4 24. bxc4 bxc4 25. d4 Rb8 26. Rxb8+ Qxb8 27. Rf1
Qf8 28. Kh1 Nb6 29. d5 exd5 30. exd5 Nxd5 31. e6 Nxc3 32. Rxf7 Qa8 33. Rxg7+
Kxg7 34. Qf7+ Kh8 35. Qf6+ Kg8 36. Qf7+ 1/2-1/2

[Event "DVM U20 2015"]
[Site "Osnabrück GER"]
[Date "2015.12.27"]
[Round "1"]
[White "Werthmann, Nils"]
[Black "Eigemann, Frederik"]
[Result "1/2-1/2"]
[Termination "normal"]
[Board "2.4"]
[WhiteElo "1943"]
[BlackElo "2011"]
[WhiteTeam "USV Potsdam"]
[BlackTeam "SG Porz"]
[PlyCount "62"]
[WhiteFideId "1270257"]
[BlackFideId "24692034"]
[EventCountry "GER"]
[EventRounds "7"]
[EventType "team-swiss"]
[EventDate "2015.12.26"]

1. e4 e6 2. d4 d5 3. Nc3 Nf6 4. Bg5 Bb4 5. e5 h6 6. Bd2 Bxc3 7. bxc3 Ne4 8. Bd3
Nxd2 9. Qxd2 c5 10. f4 Nc6 11. Nf3 Qa5 12. g4 Bd7 13. h4 h5 14. gxh5 O-O-O 15.
Rg1 Rdg8 16. Ng5 Rxh5 17. Nxf7 cxd4 18. cxd4 Qxd2+ 19. Kxd2 Rxh4 20. Rab1 b6
21. c3 Rxf4 22. Nd6+ Kd8 23. Ke3 Rgf8 24. Rxg7 Rf3+ 25. Kd2 Rf2+ 26. Be2 Rh2
27. Nf7+ Kc7 28. Ke3 Rh3+ 29. Kd2 Rh2 30. Ke3 Rh3+ 31. Kd2 Rh2 1/2-1/2

[Event "DVM U20 2015"]
[Site "Osnabrück GER"]
[Date "2015.12.27"]
[Round "1"]
[White "Baltic, Fatih"]
[Black "Ender, Paul Marius"]
[Result "1-0"]
[Termination "normal"]
[Board "2.5"]
[WhiteElo "1945"]
[BlackElo "1816"]
[WhiteTeam "SG Porz"]
[BlackTeam "USV Potsdam"]
[PlyCount "237"]
[WhiteFideId "12979090"]
[BlackFideId "12936545"]
[EventCountry "GER"]
[EventRounds "7"]
[EventType "team-swiss"]
[EventDate "2015.12.26"]

1. e4 e5 2. Nf3 d6 3. d4 exd4 4. Nxd4 Nf6 5. Nc3 Be7 6. Qf3 O-O 7. Nf5 Bxf5 8.
Qxf5 Nc6 9. Be3 Qd7 10. Qxd7 Nxd7 11. Nd5 Bd8 12. f3 Nb6 13. O-O-O Nxd5 14.
Rxd5 Be7 15. Be2 b6 16. c3 Na5 17. g4 c6 18. Rd2 b5 19. Bf4 Nb7 20. h4 a5 21.
c4 bxc4 22. Bxc4 a4 23. g5 a3 24. b3 Na5 25. Bxd6 Bxd6 26. Rxd6 Rfb8 27. Rh2
Nxc4 28. bxc4 Ra6 29. Rc2 Rab6 30. Rd3 Rb1+ 31. Kd2 Rh1 32. Rxa3 Rxh4 33. Ke3
Rh5 34. Kf4 h6 35. gxh6 Rh4+ 36. Kg3 Rxh6 37. Rd3 Kf8 38. c5 Ke7 39. a4 Ra8 40.
Rc4 Ra5 41. Kf4 Rh5 42. Rdc3 Ke6 43. Ke3 f5 44. Kd4 fxe4 45. fxe4 Rg5 46. Rd3
Ke7 47. Rb3 g6 48. Rb7+ Kd8 49. Rg7 Kc8 50. Rf7 Kb8 51. Rf6 Kc7 52. Re6 Kd7 53.
Rf6 Kc7 54. Rd6 Kb7 55. Rd7+ Kc8 56. Rg7 Kb8 57. Re7 Kc8 58. Re5 Rg1 59. Re6
Kd7 60. Rf6 Rg5 61. Rf3 Ke7 62. Re3 Kd7 63. Rd3 Ke7 64. Rdc3 Ke6 65. Rf3 Ke7
66. Rf4 Ke6 67. Rf2 Ke7 68. Rb2 Kd7 69. Rb7+ Kd8 70. Rh7 Kc8 71. Rg7 Kb8 72.
Re7 Kc8 73. Re5 Rg1 74. Re7 Kd8 75. Rg7 Rg5 76. Rb4 Kc8 77. Rbb7 Rxa4+ 78. Ke3
Rh5 79. Rbf7 Rh3+ 80. Kf4 Rh4+ 81. Kg5 Rh8 82. Rxg6 Rxe4 83. Rxc6+ Kd8 84. Rfc7
Rhe8 85. Rc8+ Ke7 86. Rxe8+ Kxe8 87. Kf5 Rh4 88. Ke6 Rh6+ 89. Kd5 Rh5+ 90. Kd6
Kd8 91. Rb6 Rh6+ 92. Kd5 Rh5+ 93. Kc6 Kc8 94. Kb5 Kc7 95. Rg6 Kb7 96. Rg2 Kc8
97. Kb6 Rh6+ 98. c6 Kd8 99. Rg8+ Ke7 100. Kb7 Rh1 101. c7 Rb1+ 102. Ka6 Ra1+
103. Kb5 Rb1+ 104. Ka4 Ra1+ 105. Kb3 Rb1+ 106. Ka2 Rc1 107. c8=Q Rxc8 108. Rxc8
Kd6 109. Kb3 Kd5 110. Kb4 Kd4 111. Rd8+ Ke4 112. Kc5 Ke5 113. Re8+ Kf4 114. Kd5
Kf5 115. Rf8+ Kg5 116. Ke5 Kh5 117. Rg8 Kh4 118. Kf5 Kh5 119. Rh8# 1-0

[Event "DVM U20 2015"]
[Site "Osnabrück GER"]
[Date "2015.12.27"]
[Round "1"]
[White "Nguyen, Anh Van"]
[Black "Padva, Leo"]
[Result "0-1"]
[Termination "normal"]
[Board "2.6"]
[WhiteElo "1602"]
[BlackElo "1820"]
[WhiteTeam "USV Potsdam"]
[BlackTeam "SG Porz"]
[PlyCount "88"]
[WhiteFideId "12908223"]
[BlackFideId "12964379"]
[EventCountry "GER"]
[EventRounds "7"]
[EventType "team-swiss"]
[EventDate "2015.12.26"]

1. d4 d5 2. Nf3 Nf6 3. g3 Bf5 4. Bg2 e6 5. c4 Nbd7 6. Qb3 Rb8 7. Nc3 dxc4 8.
Qxc4 Be7 9. Nh4 Nb6 10. Qb3 Qxd4 11. Nxf5 exf5 12. Be3 Qb4 13. Qxb4 Bxb4 14.
O-O c6 15. Rab1 O-O 16. a3 Be7 17. b4 Nc4 18. Bf4 Rbd8 19. a4 Bd6 20. Bxd6 Rxd6
21. Rfd1 Rfd8 22. Rxd6 Rxd6 23. b5 cxb5 24. Rxb5 b6 25. Rxf5 g6 26. Rf4 Nd2 27.
Nb5 Re6 28. e3 Nb3 29. Bf3 a5 30. Rc4 Nd2 31. Rc8+ Kg7 32. Be2 Nd7 33. Nc7 Re7
34. Bb5 Nc5 35. Nd5 Re6 36. Rb8 Rd6 37. Nxb6 Nde4 38. Nc4 Rd1+ 39. Kg2 Nd3 40.
Nxa5 Ne1+ 41. Kf1 Nc2+ 42. Ke2 Rd2+ 43. Kf1 Rxf2+ 44. Kg1 Nxe3 0-1

[Event "DVM U20 2015"]
[Site "Osnabrück GER"]
[Date "2015.12.27"]
[Round "1"]
[White "Rieß, Alexander"]
[Black "Bergauz, Noam"]
[Result "1/2-1/2"]
[Termination "normal"]
[Board "3.1"]
[WhiteElo "2256"]
[BlackElo "2286"]
[WhiteTeam "Lübecker SV von 1873"]
[BlackTeam "SK München Südost"]
[PlyCount "60"]
[WhiteFideId "12953326"]
[BlackFideId "12938033"]
[EventCountry "GER"]
[EventRounds "7"]
[EventType "team-swiss"]
[EventDate "2015.12.26"]

1. d4 Nf6 2. c4 g6 3. Nc3 Bg7 4. e4 d6 5. Nf3 O-O 6. Be2 Bg4 7. Be3 Nfd7 8. Rc1
e5 9. d5 a5 10. O-O Na6 11. a3 f5 12. Rb1 Bxf3 13. Bxf3 f4 14. Bd2 Nb6 15. b3
Qd7 16. Qe2 Nc5 17. b4 axb4 18. axb4 Nca4 19. Nb5 c6 20. dxc6 bxc6 21. Nc3 Nxc3
22. Bxc3 Qf7 23. c5 Na4 24. Rbc1 dxc5 25. bxc5 Nxc5 26. Bb4 Nb3 27. Bxf8 Nxc1
28. Rxc1 Bxf8 29. Qc2 Qc7 30. h3 c5 1/2-1/2

[Event "DVM U20 2015"]
[Site "Osnabrück GER"]
[Date "2015.12.27"]
[Round "1"]
[White "Müller, Constantin"]
[Black "Kololli, Martin"]
[Result "0-1"]
[Termination "normal"]
[Board "3.2"]
[WhiteElo "2222"]
[BlackElo "2128"]
[WhiteTeam "SK München Südost"]
[BlackTeam "Lübecker SV von 1873"]
[PlyCount "148"]
[WhiteFideId "24697630"]
[BlackFideId "12936910"]
[EventCountry "GER"]
[EventRounds "7"]
[EventType "team-swiss"]
[EventDate "2015.12.26"]

1. d4 Nf6 2. c4 e6 3. g3 d5 4. Nf3 Be7 5. Bg2 O-O 6. O-O b6 7. Nc3 Bb7 8. Ne5
Nbd7 9. cxd5 Nxd5 10. Nxd5 exd5 11. Nd3 c6 12. Qa4 Re8 13. Rd1 Bf6 14. e3 a5
15. Qc2 Nf8 16. Bd2 Ne6 17. Rab1 Ba6 18. Be1 Qd6 19. b4 axb4 20. Bxb4 Qc7 21.
a4 Rac8 22. Be1 Red8 23. Ra1 Ra8 24. Nb2 Bb7 25. Ra2 Ra7 26. Qb3 h6 27. Nd3 Ba6
28. Nb2 Bb7 29. Rc1 c5 30. a5 bxa5 31. dxc5 Bc6 32. Nd3 Rb8 33. Qc2 Be7 34. Bc3
Rb5 35. Bd4 a4 36. Nf4 Nxf4 37. gxf4 Qa5 38. Qf5 Bd7 39. Qh5 Bc6 40. Qg4 Bf8
41. Bf1 Rb3 42. f5 Qd8 43. f6 g6 44. h4 h5 45. Qg5 Kh7 46. Be2 Bh6 47. Qe5 Rab7
48. Qd6 Qe8 49. Bf3 Bf8 50. Qg3 Rb1 51. Ra1 Rxc1+ 52. Rxc1 Qd8 53. Kh1 Qd7 54.
Rg1 Qf5 55. Bg2 a3 56. Bh3 Qc2 57. f4 Bxc5 58. f5 Bxd4 59. fxg6+ fxg6 60. exd4
Qe4+ 61. Kh2 a2 62. Qa3 Qf4+ 63. Kh1 Qxf6 64. Qxa2 Qxh4 65. Qg2 Qe4 66. Kh2
Qxg2+ 67. Rxg2 Rb4 68. Rd2 Kg7 69. Kg3 Rb3+ 70. Kg2 Bb5 71. Be6 Bc4 72. Rf2 Re3
73. Rf7+ Kh6 74. Rd7 Rxe6 0-1

[Event "DVM U20 2015"]
[Site "Osnabrück GER"]
[Date "2015.12.27"]
[Round "1"]
[White "Kololli, Kevin"]
[Black "Leeb, Simon"]
[Result "1-0"]
[Termination "normal"]
[Board "3.3"]
[WhiteElo "2231"]
[BlackElo "2077"]
[WhiteTeam "Lübecker SV von 1873"]
[BlackTeam "SK München Südost"]
[PlyCount "85"]
[WhiteFideId "12936863"]
[BlackFideId "12924768"]
[EventCountry "GER"]
[EventRounds "7"]
[EventType "team-swiss"]
[EventDate "2015.12.26"]

1. e4 c5 2. Nf3 Nc6 3. c3 Qa5 4. Na3 e6 5. Be2 d6 6. O-O Nf6 7. Qc2 Be7 8. Nc4
Qc7 9. d4 d5 10. exd5 exd5 11. Nce5 O-O 12. Bf4 Nh5 13. Be3 f6 14. Nxc6 bxc6
15. dxc5 Nf4 16. Bd4 a5 17. b4 Qd7 18. Ne1 axb4 19. cxb4 Qe6 20. Bd3 f5 21. a4
Qg6 22. f3 Qh5 23. b5 Ne6 24. Bf2 Bb7 25. b6 Ra5 26. Qc3 Raa8 27. Qb4 Bf6 28.
Ra3 Be5 29. g3 f4 30. a5 Rf6 31. a6 fxg3 32. hxg3 Rh6 33. Qh4 Qe8 34. Qg4 Bc8
35. Bf5 Rxa6 36. Re3 Bb8 37. Ng2 d4 38. Re2 Ra3 39. Bxd4 Rg6 40. Bxg6 hxg6 41.
Rfe1 Kf7 42. Nh4 Qd7 43. Rxe6 1-0

[Event "DVM U20 2015"]
[Site "Osnabrück GER"]
[Date "2015.12.27"]
[Round "1"]
[White "Stadler, Andreas"]
[Black "Tiedemann, Fin Niklas"]
[Result "1-0"]
[Termination "normal"]
[Board "3.4"]
[WhiteElo "1974"]
[BlackElo "1799"]
[WhiteTeam "SK München Südost"]
[BlackTeam "Lübecker SV von 1873"]
[PlyCount "51"]
[WhiteFideId "24697648"]
[BlackFideId "12936936"]
[EventCountry "GER"]
[EventRounds "7"]
[EventType "team-swiss"]
[EventDate "2015.12.26"]

1. e4 e5 2. Bc4 Nf6 3. Nf3 Nc6 4. d3 Be7 5. c3 O-O 6. Bb3 d5 7. Qe2 dxe4 8.
dxe4 Bg4 9. Nbd2 a6 10. Nf1 Nb8 11. h3 Bxf3 12. Qxf3 Nbd7 13. Ng3 Nc5 14. Bc2
Re8 15. Nf5 Bf8 16. Bg5 g6 17. Bxf6 Qxf6 18. Nh6+ Kg7 19. Qxf6+ Kxf6 20. Ng4+
Kg5 21. f3 h5 22. h4+ Kf4 23. Nf6 Red8 24. Ke2 Kg3 25. Rag1 Bh6 26. Rh3+ 1-0

[Event "DVM U20 2015"]
[Site "Osnabrück GER"]
[Date "2015.12.27"]
[Round "1"]
[White "Dörp, Max Marian"]
[Black "Leeb, Jonas"]
[Result "1/2-1/2"]
[Termination "normal"]
[Board "3.5"]
[WhiteElo "1719"]
[BlackElo "1905"]
[WhiteTeam "Lübecker SV von 1873"]
[BlackTeam "SK München Südost"]
[PlyCount "167"]
[WhiteFideId "12983551"]
[BlackFideId "12924750"]
[EventCountry "GER"]
[EventRounds "7"]
[EventType "team-swiss"]
[EventDate "2015.12.26"]

1. e4 c5 2. Nc3 Nc6 3. f4 d6 4. Nf3 g6 5. g3 Bg7 6. Bg2 e6 7. d3 Nge7 8. O-O
O-O 9. Ne2 b6 10. c3 Ba6 11. Re1 Rc8 12. a3 d5 13. e5 Qd7 14. Bd2 Bxd3 15. Be3
Be4 16. Nd2 Bxg2 17. Kxg2 Nf5 18. Bf2 Rfd8 19. Qa4 Qb7 20. Nf3 b5 21. Qc2 Bf8
22. Kg1 a5 23. a4 b4 24. Rab1 Qa6 25. Rbd1 Qb7 26. Rb1 h5 27. Red1 b3 28. Qd2
Qd7 29. Qd3 c4 30. Qd2 Nb8 31. Ra1 Na6 32. Bb6 Bc5+ 33. Bxc5 Nxc5 34. Ned4 Ne4
35. Qc2 Nxd4 36. Nxd4 Nc5 37. Ra3 Ra8 38. Qd2 Nxa4 39. Rda1 Nb6 40. Rxa5 Rxa5
41. Rxa5 Ra8 42. Rxa8+ Nxa8 43. Qf2 Qa7 44. g4 Qa1+ 45. Kg2 Qd1 46. gxh5 Qxh5
47. Ne2 Qg4+ 48. Kf1 Qh3+ 49. Ke1 Nc7 50. Qc5 Qh4+ 51. Kd2 Ne8 52. Qc8 Qe7 53.
Nd4 Kf8 54. Nb5 Qh4 55. Nd6 Qxf4+ 56. Kd1 Qf1+ 57. Kd2 Qd3+ 58. Ke1 Qb1+ 59.
Ke2 Qxb2+ 60. Kf1 Qc1+ 61. Kg2 Qd2+ 62. Kf1 Qc1+ 63. Kf2 Qb2+ 64. Kg1 Qa1+ 65.
Kg2 Qa4 66. Qb8 Qd7 67. Kf3 b2 68. Nxe8 Qxe8 69. Qxb2 Qc6 70. Qb8+ Kg7 71. Qd8
d4+ 72. Kg3 d3 73. Qf6+ Kf8 74. Qh8+ Ke7 75. Qf6+ Ke8 76. Qh8+ Kd7 77. Qf8 Kc7
78. Qe7+ Kb6 79. Qb4+ Qb5 80. Qd6+ Qc6 81. Qb4+ Kc7 82. Qe7+ Qd7 83. Qc5+ Kb7
84. Qb4+ 1/2-1/2

[Event "DVM U20 2015"]
[Site "Osnabrück GER"]
[Date "2015.12.27"]
[Round "1"]
[White "Wenninger, Patrick"]
[Black "Pluska, Alexander"]
[Result "0-1"]
[Termination "normal"]
[Board "4.2"]
[WhiteElo "1768"]
[BlackElo "2089"]
[WhiteTeam "Heilbronner SV"]
[BlackTeam "SK Doppelbauer Kiel"]
[PlyCount "96"]
[WhiteFideId "12927880"]
[BlackFideId "12975141"]
[EventCountry "GER"]
[EventRounds "7"]
[EventType "team-swiss"]
[EventDate "2015.12.26"]

1. d4 Nf6 2. Nf3 e6 3. c4 d5 4. g3 Bb4+ 5. Bd2 Be7 6. Bg2 O-O 7. O-O Nbd7 8.
Qc2 c6 9. Rd1 a5 10. Bf4 Nh5 11. Nc3 Nxf4 12. gxf4 dxc4 13. Ne5 Qc7 14. Ne4
Nxe5 15. dxe5 b5 16. b3 cxb3 17. axb3 Bb7 18. Nd6 Bxd6 19. Rxd6 Rfd8 20. Rad1
Rxd6 21. Rxd6 Rd8 22. Qd2 Rxd6 23. exd6 Qd7 24. e4 c5 25. Bf1 Bc6 26. e5 Qa7
27. Bg2 Bd7 28. f5 exf5 29. Bd5 a4 30. Qg5 Qb8 31. bxa4 bxa4 32. Bxf7+ Kxf7 33.
Qe7+ Kg6 34. Qxd7 Qb1+ 35. Kg2 Qe4+ 36. f3 Qe2+ 37. Kg1 Qe1+ 38. Kg2 Qe2+ 39.
Kg1 Qxe5 40. Qc6 Qd4+ 41. Kg2 Kf6 42. Qc7 Qd2+ 43. Kh3 Qe2 44. Qd8+ Kf7 45.
Qd7+ Kg6 46. Qc6 Kg5 47. Qd5 Kf4 48. d7 Qf1+ 0-1

[Event "DVM U20 2015"]
[Site "Osnabrück GER"]
[Date "2015.12.27"]
[Round "1"]
[White "Hopson, Kevin Mike"]
[Black "Degenhard, Simon"]
[Result "0-1"]
[Termination "normal"]
[Board "4.3"]
[WhiteElo "1911"]
[BlackElo "1929"]
[WhiteTeam "SK Doppelbauer Kiel"]
[BlackTeam "Heilbronner SV"]
[PlyCount "102"]
[WhiteFideId "12909238"]
[BlackFideId "12944017"]
[EventCountry "GER"]
[EventRounds "7"]
[EventType "team-swiss"]
[EventDate "2015.12.26"]

1. e4 c5 2. Nf3 g6 3. d4 cxd4 4. Nxd4 Bg7 5. Be3 Nc6 6. Nc3 Nf6 7. Be2 O-O 8.
O-O d5 9. exd5 Nxd5 10. Nxd5 Qxd5 11. Bf3 Qc4 12. Bxc6 bxc6 13. c3 Rd8 14. Qf3
e5 15. Nb3 Be6 16. Nd2 Qb5 17. b3 f5 18. Nb1 f4 19. Bd2 Bf5 20. c4 Qb7 21. Bc3
Rd3 22. Qe2 Rad8 23. Qb2 Qe7 24. Re1 f3 25. Qc2 Qd6 26. Bb2 fxg2 27. Nc3 e4 28.
Nxe4 Bxe4 29. Rxe4 Rd1+ 30. Qxd1 Qxd1+ 31. Rxd1 Rxd1+ 32. Kxg2 Bxb2 33. Re6 Bd4
34. Rxc6 Rd2 35. Rc8+ Kg7 36. Rc7+ Kh6 37. Rf7 Rxa2 38. Rf4 Bc5 39. Rf3 Kg7 40.
Kg3 Rb2 41. Kg2 Re2 42. Kf1 Re6 43. Rd3 Rf6 44. f3 Re6 45. Rd7+ Kh6 46. Rd5 Bb4
47. Kf2 Kg7 48. Rb5 Rb6 49. Rd5 Kf6 50. Ke3 Bd6 51. Rd3 Bxh2 0-1